5HLuxD.jpg

KING HENRY VIII SENIOR AND PRIMARY SCHOOL LIBRARY OPAC

SPACE (Record no. 4421)

000 -LEADER
fixed length control field 00306nam a22001217a 4500
008 - FIXED-LENGTH DATA ELEMENTS--GENERAL INFORMATION
fixed length control field 250217b ||||| |||| 00| 0 eng d
020 ## - INTERNATIONAL STANDARD BOOK NUMBER
International Standard Book Number 9780857342652
082 ## - DEWEY DECIMAL CLASSIFICATION NUMBER
Classification number 789.2
100 ## - MAIN ENTRY--PERSONAL NAME
Personal name WILLIAMS,BRIAN
Relator term AUTHOR
245 ## - TITLE STATEMENT
Title SPACE
260 ## - PUBLICATION, DISTRIBUTION, ETC.
Place of publication, distribution, etc. COTTAGE FARM,SYWELL.NN6 OBJ
Name of publisher, distributor, etc. IGLOO BOOKS LTD
Date of publication, distribution, etc. 2010
942 ## - ADDED ENTRY ELEMENTS (KOHA)
Source of classification or shelving scheme
Holdings
Withdrawn status Lost status Source of classification or shelving scheme Damaged status Not for loan Collection code Permanent Location Current Location Shelving location Date acquired Total Checkouts Full call number Barcode Date last seen Date last checked out Price effective from Koha item type Public note
          Non-Fiction KH8 Primary School Library KH8 Primary School Library Non Fiction 2025-02-17 5 789.2 WIL KHPL000006176 2026-03-04 2026-03-02 2025-02-17 Books - Non Ficton KH8 PRIMARY LIBRARY

Powered By KH8 IT Dept